Common Knowledge #26 - Statistics

General Stats
  • This quiz has been taken 822 times
  • The average score is 14 of 22
Answer Stats
Hint Answer % Correct
What colors make purple? Blue
99%
What colors make purple? Red
98%
Which board game consists of four corner squares: GO, Jail, Free Parking, and Go to Jail? Monopoly
91%
What animal is known for showing off its colorful tail? Peacock
87%
Which country is the Colosseum located? Italy
86%
Which animal can be seen on the Porsche logo? Horse
83%
Which U.S. state is known as the “Sunshine State”? Florida
82%
Which musical artist sings the iconic song “Hit Me Baby (One More Time)”? Britney Spears
79%
What is the chemical symbol for silver? Ag
74%
What is the company Campbells known for? Soup
72%
What white material are elephants tusks made of? Ivory
71%
Which young Jedi Knight becomes Darth Vader in Star Wars? Anakin Skywalker
68%
Which Kardashian has Travis Scott dated? Kylie
66%
Spinach is high in which mineral? Iron
62%
What is the name of the biggest technology company in South Korea? Samsung
58%
What has a head, a tail, but no body? Coin
57%
Which 1776 American Affirmation Asserted The Basic Rights Of All? The Declaration of Independence
51%
Fissures, vents, and plugs are all associated with which geological feature? Volcanoes
39%
What is the tiny piece at the end of a shoelace called? Aglet
33%
Where would you find an ISBN number? On a book
32%
Ph.D. Stands for what? Doctor of Philosophy
23%
According to Greek mythology, who was the first woman on earth? Pandora
19%
No matching quizzes found
Score Distribution
Percent of People with Each Score
Percentile by Number Answered
Your Score History
You have not taken this quiz